Study abroad in a new global century (Record no. 74593)
[ view plain ]
| 000 -LEADER | |
|---|---|
| fixed length control field | 01188nam a2200289 a 4500 |
| 245 00 - TITLE STATEMENT | |
| Title | Study abroad in a new global century |
| 260 ## - PUBLICATION, DISTRIBUTION, ETC. (IMPRINT) | |
| Place of publication | Hoboken, N.J. : |
| Name of publisher | Wiley, |
| Year of publication | 2012. |
| 300 ## - PHYSICAL DESCRIPTION | |
| Number of Pages | xiii, 152 p. |
| 650 #0 - SUBJECT ADDED ENTRY--TOPICAL TERM | |
| Topical Term | Foreign study. |
| 700 1# - ADDED ENTRY--PERSONAL NAME | |
| Personal name | Twombly, Susan B. |
| 856 40 - ELECTRONIC LOCATION AND ACCESS | |
| Uniform Resource Identifier | http://site.ebrary.com/lib/rucke/Doc?id=10618829 |
No items available.
